Normal view
MARC view
- Supervisor: Muhammad Bilal Sajid
Entry Personal Name
001 - CONTROL NUMBER
- control field: 123159
003 - CONTROL NUMBER IDENTIFIER
- control field: NUST
005 - DATE AND TIME OF LATEST TRANSACTION
- control field: 20240603132141.0
008 - FIXED-LENGTH DATA ELEMENTS
- fixed length control field: 240603|| aca||aabn | a|a d
040 ## - CATALOGING SOURCE
- Original cataloging agency: NUST
- Transcribing agency: NUST
100 ## - HEADING--PERSONAL NAME
- Personal name: Supervisor: Muhammad Bilal Sajid
670 ## - SOURCE DATA FOUND
- Source citation: Work cat.: (NUST): Abbas, Akhtar 123157, Comparative Evaluation of Energy Efficiency and Emission Reduction Measures for Brick Kilns /
